00407nam a2200157Ia 450000500170000000800410001702000150005808200150007310000240008824500360011226000420014830000200019065000120021065000120022265000150023420240731071128.0240331s9999 xx 000 0 und d a8185054398 a291.5bBHA aBhattacharyya, N.N 0aHistory of the tantric religion aNew DelhibManohar Publicationsc1982 axviii, 507 p ., aHistory aRituals aPhilosophy